000 00526nam a22001577a 4500
005 20260318204642.0
008 260318b |||||||| |||| 00| 0 eng d
020 _a9780787987138
050 _aHD2745
_b.O45
100 _aOliver, Caroline
245 _aGetting Started with Policy Governance:
_bbringing purpose, integrity, and efficiency to your board
_cCaroline Oliver, foreword by John Carver
260 _aSan Francisco
_bJossey-Bass
_c2009
300 _axxiv. 225p.
_c23.5cm
700 _aCarver, John
942 _2lcc
_cBK
_n0
999 _c9126
_d9126